<?xml version="1.0" encoding="UTF-8"?><?xml-stylesheet type="text/xsl" href="static/style.xsl"?><OAI-PMH xmlns="http://www.openarchives.org/OAI/2.0/" xmlns:xsi="http://www.w3.org/2001/XMLSchema-instance" xsi:schemaLocation="http://www.openarchives.org/OAI/2.0/ http://www.openarchives.org/OAI/2.0/OAI-PMH.xsd"><responseDate>2026-06-01T09:07:12Z</responseDate><request verb="GetRecord" identifier="oai:riuma.uma.es:10630/45716" metadataPrefix="marc">https://riuma.uma.es/rest/oai/request</request><GetRecord><record><header><identifier>oai:riuma.uma.es:10630/45716</identifier><datestamp>2026-02-25T00:45:59Z</datestamp><setSpec>com_10630_2254</setSpec><setSpec>col_10630_37953</setSpec></header><metadata><record xmlns="http://www.loc.gov/MARC21/slim" xmlns:dcterms="http://purl.org/dc/terms/" xmlns:doc="http://www.lyncode.com/xoai" xmlns:xsi="http://www.w3.org/2001/XMLSchema-instance" xsi:schemaLocation="http://www.loc.gov/MARC21/slim http://www.loc.gov/standards/marcxml/schema/MARC21slim.xsd">
   <leader>00925njm 22002777a 4500</leader>
   <datafield ind2=" " ind1=" " tag="042">
      <subfield code="a">dc</subfield>
   </datafield>
   <datafield ind2=" " ind1=" " tag="720">
      <subfield code="a">Fernandez-Solano, Ana Judit</subfield>
      <subfield code="e">author</subfield>
   </datafield>
   <datafield ind2=" " ind1=" " tag="720">
      <subfield code="a">Merchán-Baeza, Jose Antonio</subfield>
      <subfield code="e">author</subfield>
   </datafield>
   <datafield ind2=" " ind1=" " tag="720">
      <subfield code="a">Rodríguez-Bailón, María</subfield>
      <subfield code="e">author</subfield>
   </datafield>
   <datafield ind2=" " ind1=" " tag="720">
      <subfield code="a">Eakman, Aaron</subfield>
      <subfield code="e">author</subfield>
   </datafield>
   <datafield ind2=" " ind1=" " tag="260">
      <subfield code="c">2022</subfield>
   </datafield>
   <datafield ind2=" " ind1=" " tag="520">
      <subfield code="a">Background: Participation in meaningful activities contributes to individual well-being, so it is essential to have specific evaluation tools that can assess this complex construct.

Objectives: To create a Spanish version (EDIAS) of the Engagement in Meaningful Activities Survey (EMAS) by following best practices in instrument translation. Methodology. The translation was made according to the Principles of Good Practice for the translation and cultural adaptation of patient-reported outcome measures.

Results: The adaptation process involved a meticulous analysis of item equivalence by the expert committee and an expert on the EMAS. Also, harmonization with other translated versions and a cognitive debriefing was carried to assess comprehensibility.

Conclusion: Following best practice, this study has developed the EDIAS, a tool for evaluating participation in meaningful activities adapted to the Spanish context.</subfield>
   </datafield>
   <datafield ind1="8" ind2=" " tag="024">
      <subfield code="a">Judit FA, Antonio MJ, Maria RB, Aaron E. Translation and Cultural Adaptation into Spanish of the Engagement in Meaningful Activities Survey. Occup Ther Int. 2022 Mar 28;2022:4492582. doi: 10.1155/2022/4492582. PMID: 35414804; PMCID: PMC8979729.</subfield>
   </datafield>
   <datafield ind1="8" ind2=" " tag="024">
      <subfield code="a">https://hdl.handle.net/10630/45716</subfield>
   </datafield>
   <datafield ind1="8" ind2=" " tag="024">
      <subfield code="a">10.1155/2022/4492582</subfield>
   </datafield>
   <datafield tag="653" ind2=" " ind1=" ">
      <subfield code="a">Terapia ocupacional</subfield>
   </datafield>
   <datafield ind2="0" ind1="0" tag="245">
      <subfield code="a">Translation and Cultural Adaptation into Spanish of the Engagement in Meaningful Activities Survey</subfield>
   </datafield>
</record>
</metadata></record></GetRecord></OAI-PMH>